000 00463nam a22001817a 4500
003 MPLRDC
005 20220104124640.0
008 210129b ||||| |||| 00| 0 eng d
020 _a978-7-5057-2339-9
082 _a857.75 FT v.1 c.2
100 _a飞天
245 _a盗墓之王
_c
250 _a一版一刷
260 _a中国
_b中国友谊出版公司
_c2007
300 _b267
650 _a中国文学--长篇小说
942 _cBK
_o857.75 FT v.1 c.2
999 _c21026
_d21016